000 00956nam a2200229 a 4500
001 81834
003 BD-RjUL
005 20230903142012.0
008 230903s2008 ii ||||| |||| 00| 0 ben d
035 _a(BD-RjUL)81834
040 _aBD-RjUL
_beng
_cBD-RjUL
041 _aben
082 _223
_a891.44309
_bSHA 2008
100 _aশ’, রামেশ্বর
_98741
245 _aআধুনিক বাংলা উপন্যাসের পটভূমি ও বিবিধ প্রসঙ্গ /
_cরামেশ্বর শ’
250 _aপরিবর্ধিত পরিমার্জিত ২য় সং.
260 _aকোলকাতা :
_bপুস্তক বিপণি,
_c2008
300 _a৬১৬ পৃ.;
_c২২ সেমি.
650 _aবাংলা উপন্যাস
_xইতিহাস ও সমালোচনা
650 _aBengali novel
_xHistory and Criticism
_98742
942 _2ddc
_cBK
999 _c81834
_d81834